| 000 | 00412cam a22001217a 4500 | ||
|---|---|---|---|
| 008 | 180718b-- xxu||||| |||| 00| 0 eng d | ||
| 082 | _aA8x54332 F | ||
| 245 |
_aChandigarh in figures _cby Directorate of Economics and Statistics, Chandigarh |
||
| 260 |
_aChandigarh _bThe Author _c-- |
||
| 500 | _aLibrary has 2005 | ||
| 650 | _aChandigarh - Statistics | ||
| 700 | _aChandigarh. Directorate of Economics and Statistics | ||
| 999 |
_c486564 _d486564 |
||